Armes à feu (3) - Statistiques

Statistiques générales
  • Ce quiz a été pris 520 fois
  • Le résultat moyen est 6 sur 16
Statistiques - réponses
Par images Réponse % Correct
M16
87%
AK 47
84%
M4
70%
HK 416
47%
Sturmgewehr 44
42%
HK G3
40%
FN FAL
34%
AS Val
33%
HK G36
32%
FAMAS F1
24%
FN Scar H
21%
FN Scar L
18%
AN 94
14%
Groza
14%
Steyr Aug A3
12%
Galil ARM
2%
Aucun quiz correspondant
Distribution des résultats
% des personnes avec chaque résultat
Percentile par nombre de réponses
Votre historique - résultats
Vous n’avez pas pris ce quiz